01139nam a2200217Ia 4500003000400000005001700004008004100021040002100062041000800083082002700091100004500118245008400163250002100247260003000268300006400298505025400362520023400616650002600850650001600876650002900892OSt20200620171804.0191128s2002 ck a fr 000 0 spa d aCO-JMCRcCO-JMCR0 aspa04a332.1754 /bM539p 2231 aMendoza Saavedra, Martha Rocio, eautora13aEl plan operativo anual de inversiones PAOI / cMendoza Saavedra Martha Rocío aPrimera edicón aBogotá : bGiro, c2002 a267 páginas : bilustraciones a blanco y negro ; c24 cm.0 aPlan operativo anual de inversión -- Marco conceptual y normativo del plan operativo anual de inversiones -- El POAI, un vínculo entre el plan de desarrollo y el sistema presupuestal -- El banco de programas y proyectos de inversión y el POAI aEl proyecto de gestión financiera municipal-PROFIM- es un convenio suscrito en el año 2001 entre la Federación Colombiana de Municipios, el Ministerio de Hacienda y Crédito Público y la Cooperación Alema de Desarrollo14aInversiones anuales 14aProyectos 14aFinanciación municipal